000 00569nam a22001697a 4500
008 160926b xxu||||| |||| 00| 0 eng d
020 _a9780070968295
050 _aHF 5667
_b.S567 2010
100 _aSmieliauskau, Wally J.
245 _aAuditing :
_ban international approach/
_cWally J. Smieliauskas and Kathryn Bewley.
250 _a5th ed.
260 _aCanada:
_bMcgraw hill,
_c2010.
300 _axxi,757p. :ill. ;
_bInclude index.
650 _aAuditing
_xtextbooks.
700 _aBewley, Kathryn.
942 _2lcc
_cBOOKS
_hHF 566 .S 567 2010
999 _c14061
_d14061